Постановление ГКО СССР № 5493 о строительстве Широковской и Понышской гидроэлектростанций на Урале, с приложением ведомостей мат...

RUSMARC
00005358nbm0a2200325 x 450
00136376ccf-ee9e-4908-b888-eea0526bacff
00520250929143611.0
100##$a20250929j19440328k###0rusy50 ca
1010#$arus
102##$aRU
105##$ay###z########
1220#$ad19440328##
2001#$aПостановление ГКО СССР № 5493 о строительстве Широковской и Понышской гидроэлектростанций на Урале, с приложением ведомостей материалов и оборудования и перечня мероприятий по обеспечению строительства
$j28 марта 1944 г.
251##$cДокумент
300##$aРассылочный и подлинный экземпляры
461#0$12001
$aФ. 644
$1251
$cФонд
$1852
$j644
462#0$12001
$aОп. 1
$1251
$cОпись
$1852
$j1
60101$2nlr_sh
$3RU\NLR\AUTH\6601614128
$aСССР
$bГосударственный Комитет Обороны
$xИстория
$z1941 - 1945
$jДокументы и материалы
605##$2prlib_sh
$3LIBNET\UAF\0000088514
$aВторая мировая война в архивных документах (Комплекс оцифрованных архивных документов, кино- и фотоматериалов)
$lколлекция
605##$2acquisition_Prlib
$3DITM\AF\0000002775
$aВласть
$lколлекция
6061#$2nlr_sh
$3RU\NLR\AUTH\661368133
$aВеликая Отечественная война
$z1941 - 1945
$xТыл(воен.)
$yУрал
$jДокументы и материалы
6061#$2nlr_sh
$3RU\NLR\AUTH\661323374
$aПромышленность
$xИстория
$yСССР
$z1941 - 1945
$jДокументы и материалы
6061#$2nlr_sh
$3RU\NLR\AUTH\661389589
$aГидроэлектростанции
$xСтроительство
$yСССР
$jДокументы и материалы
686##$a63.3(2)622-2ю1
$vLBC/M
$2rubbk
686##$a65.03(2Рос-4Чел)622ю1
$vLBC/M
$2rubbk
801#0$aRU
$bПБ им. Б.Н. Ельцина
$c20250929
801#1$aRU
$bПБ им. Б.Н. Ельцина
$c20250929
$2rusmarc
801#2$aRU
$bПБ им. Б.Н. Ельцина
$c20250929
$2rusmarc
850##$aРоссийский государственный архив социально-политической истории
852##$aРГАСПИ
$jД. 222. Л. 52-63; Оп. 2. Д. 300. Л. 5-14
035##$aLIBNET\0001501128
937##$d197730939
$hФедеральное архивное агентство
8564#$uhttp://readingroom.main.prlib.ru/item.aspx?id_node=n197730939&mode=full
Формат отображения